INDIAN TEXTILES: THE KARUN THAKAR COLLECTION (Record no. 24656)

MARC details
000 -LEADER
fixed length control field 00314nam a22001337a 4500
003 - CONTROL NUMBER IDENTIFIER
control field SGT
020 ## - INTERNATIONAL STANDARD BOOK NUMBER
International Standard Book Number 978-3-391-34931-2
082 ## - DEWEY DECIMAL CLASSIFICATION NUMBER
Classification number 746.0954
Item number GUY
100 ## - MAIN ENTRY--PERSONAL NAME
Personal name GUY, JOHN
245 ## - TITLE STATEMENT
Title INDIAN TEXTILES: THE KARUN THAKAR COLLECTION
260 ## - PUBLICATION, DISTRIBUTION, ETC. (IMPRINT)
Place of publication, distribution, etc NEW YORK
Name of publisher, distributor, etc PRESTEL PUB.
Year of Publication 2014
300 ## - PAGE DESCRIPTION
No. of Pages 224
942 ## - ADDED ENTRY ELEMENTS (KOHA)
Source of classification or shelving scheme Dewey Decimal Classification
Koha item type Books
Holdings
Withdrawn status Lost status Source of classification or shelving scheme Damaged status Not for loan Home library Current library Shelving location Date acquired Vendor Name Cost, normal purchase price SGTU Bill Number Total Checkouts Full call number Accession No. (Barcode) Date last seen Bill Date Koha item type
    Dewey Decimal Classification   Not For Loan SGT Science & Social Sciences Library SGT Science & Social Sciences Library Reference Book 03/08/2023 PANKAJ PUB. 5136.00 SGTU 4726   746.0954 GUY FF761 03/08/2023   Books